|
|
แสดงรายละเอียดบรรณานุกรม |
|
|
Brief Record
: Get Marc (ISO 2709)
: E-mail record
: |
|
|
| LEADER 00000nama 2200000uu 4500 | |||
| 008 040531s|||| th m m a000 0 tha d | |||
| 020 974-91658-2-9 | |||
| 041 tha | |||
| 050 รส อ538ข 2546 | |||
| 100 อัศศิริ ธรรมโชติ. | |||
| 245 ขุนทอง เจ้าจะกลับเมื่อฟ้าสาง. | |||
| 250 พิมพ์ครั้งที่ 7. | |||
| 260 2546. มูลนิธิสถาบันวิชาการ 14 ตุลา. กรุงเทพฯ. | |||
| 300 118หน้า. | |||
| 650 เรื่องสั้นไทย. | |||
| 995 003 | |||
| คุณยังไม่ได้ล็อกอิน คุณสามารถมีกิจกรรมร่วมกับเว็บไซต์ได้ แต่ต้องล็อกอินก่อน :: |
|
| สถานะ | |||||||||
| 1. | หนังสือทั่วไป | รส อ538ข 2546 | On Shelf ขอยืม | ||||||
| [แสดง 1/1 รายการ] | |||||||||
| รายการใกล้เคียง หัวเรื่อง [เรื่องสั้นไทย.] |
BibComment |
| คอมเมนท์ทรัพยากรรายการนี้ |
|
|